|
|
|
|
| LEADER |
00000cam a2200000 4500 |
| 001 |
vtls012069553 |
| 003 |
SK-MaSNL |
| 005 |
20260302024547.0 |
| 008 |
210920s2020 xo o g c 000 0 slo |
| 015 |
|
|
|a SNBE2023
|
| 020 |
|
|
|a 9788056107881
|q (brožované)
|
| 040 |
|
|
|a SNK
|b slo
|c SNK
|e rda
|
| 041 |
0 |
|
|a slo
|
| 044 |
|
|
|a xo
|c SK
|
| 072 |
|
7 |
|a 37
|x Výchova a vzdelávanie
|2 konspekt
|
| 072 |
|
7 |
|a 7.01/.09
|x Umenie
|2 konspekt
|
| 080 |
|
|
|a 37.01:159.923.35
|2 2011
|
| 080 |
|
|
|a 7.038.531
|2 2001
|
| 080 |
|
|
|a 316.346.32-053.4
|2 2011
|
| 080 |
|
|
|a (083.82)
|2 2011
|
| 100 |
1 |
|
|a Valachová, Daniela
|4 aut
|9 168432
|
| 245 |
1 |
0 |
|a Cesta človeka
|n 2
|b určené pre žiakov prvého stupňa základných škôl
|c realizovali: Daniela Valachová, Barbora Kováčová ; hlavná riešiteľka: Barbora Kováčová
|
| 264 |
|
1 |
|a Ružomberok
|b Verbum - vydavateľstvo Katolíckej univerzity
|b Katolícka univerzita v Ružomberku
|c [2020]
|
| 300 |
|
|
|a 20 strán
|b farebné fotografie
|c 30 cm
|
| 336 |
|
|
|a text
|b txt
|2 rdacontent
|
| 336 |
|
|
|a statický obraz
|b sti
|2 rdacontent
|
| 337 |
|
|
|a bez média
|b n
|2 rdamedia
|
| 338 |
|
|
|a zväzok
|b nc
|2 rdacarrier
|
| 500 |
|
|
|a Výstava a katalóg vznikol sa realizovali v rámci riešenia projektu KEGA 002KU-4/2019 Stelesnená skúsenosť s využitím art action
|
| 500 |
|
|
|a Rok vydania overený u vydavateľa
|
| 504 |
|
|
|a Zoznam odkazov umeleckých inšpirácií študentských projektov
|
| 650 |
0 |
7 |
|a zážitková pedagogika
|2 SNKPH
|9 68654
|
| 650 |
0 |
7 |
|a akčné umenie
|2 SNKPH
|9 86991
|
| 650 |
0 |
7 |
|a deti predškolského veku
|2 SNKPH
|9 4103
|
| 650 |
0 |
7 |
|a Experience pedagogy
|2 SNKPHeng
|9 323139
|
| 650 |
0 |
7 |
|a Action art
|2 SNKPHeng
|9 323601
|
| 650 |
0 |
7 |
|a Preschool children
|2 SNKPHeng
|9 306219
|
| 655 |
|
7 |
|a katalógy
|2 SNKPH
|9 60821
|
| 655 |
|
7 |
|a Catalogs
|2 SNKPHeng
|9 266059
|
| 700 |
1 |
|
|a Kováčová, Barbora,
|d 1975-
|4 aut
|9 213679
|
| 852 |
|
|
|a Štátna vedecká knižnica v Banskej Bystrici
|
| 919 |
|
|
|a 978-80-561-0788-1
|
| 954 |
|
|
|a iná literatúra (príručky, kuchárske knihy, hobby literatúra, sprievodcovia) pôvodná (slovenská)
|2 lita
|
| 954 |
|
|
|a odborná, vedecká literatúra pôvodná (slovenská)
|2 lita
|
| 999 |
|
|
|c 1040949
|d 1042879
|
| 952 |
|
|
|a SNK
|b SNK
|y PREZ
|7 0
|p 17A1480202
|o snkOSB 20592
|i snk2022/3635
|8 0
|0 0
|1 0
|4 0
|d 2022-03-09
|l 0
|r 2026-02-24 14:23:17
|w 2026-02-24
|